| 000 | 00860nas a2200277 4500 | ||
|---|---|---|---|
| 001 | BR2011002308 | ||
| 003 | BR-BrBNA | ||
| 005 | 20231205114937.0 | ||
| 007 | ta | ||
| 008 | 230509b bl.|||p| |||| 00| 00por d | ||
| 040 |
_aBR-BrBNA _bpor _cBiblioteca Nacional de Agricultura |
||
| 041 | _a(Pt) | ||
| 072 | _aF30 | ||
| 100 | 1 | _aCandido, L.S. | |
| 100 | 1 | _aPerecin, D. | |
| 100 | 1 | _aLandell, M.G. de A. | |
| 100 | 1 | _aPavan, B.E. | |
| 245 | 1 | _aAnálise de vizinhança na avaliação de genótipos de cana-de-acçúcar | |
| 650 | _aCANA DE AÇÚCAR | ||
| 650 | _aMETÓDO ESTATÍSTICO | ||
| 650 | _aGENÓTIPO | ||
| 650 | _aMELHORAMENTO GENÉTICO VEGETAL | ||
| 773 | 0 |
_tPesquisa Agropecuária Brasileira (Brazil) _xISSN 0100-204X _g(Oct 2009), v. 44(10) p. 1304-1311 _wBR2011002308 |
|
| 909 |
_a202311 _bLúcia _c55 _dLúcia Elande |
||
| 942 |
_2AGRIS _n0 _cANA |
||
| 999 |
_c211353 _d211353 |
||